书目信息 |
| 题名: |
翻译美学
|
|
| 作者: | 毛荣贵 著 | |
| 分册: | ||
| 出版信息: | 上海 上海交通大学出版社 2005 |
|
| 页数: | 484页 | |
| 开本: | 23cm | |
| 丛书名: | ||
| 单 册: | ||
| 中图分类: | H059 | |
| 科图分类: | ||
| 主题词: | 翻译理论--美学--研究 , 翻译理论 , 美学 | |
| 电子资源: | ||
| ISBN: | 7-313-04253-1 | |
| 000 | 00742nam0 2200241 450 | |
| 001 | 010060010225 | |
| 005 | 20061112151130.45 | |
| 010 | @a7-313-04253-1@dCNY48.00 | |
| 100 | @a20051128d2005 em y0chiy0110 ea | |
| 101 | 0 | @achi@aeng |
| 102 | @aCN@b310000 | |
| 105 | @ay z 000yy | |
| 200 | 1 | @a翻译美学@9fan yi mei xue@f毛荣贵著 |
| 210 | @a上海@c上海交通大学出版社@d2005 | |
| 215 | @a484页@d23cm | |
| 330 | @a本书从美学角度深入探讨了翻译实践与方法。全书理论性强,例句丰富,具有较强的翻译实践指导意义,对国内翻译领域具有参考借鉴价值。 | |
| 606 | 0 | @a翻译理论@x美学@x研究 |
| 606 | 0 | @a翻译理论 |
| 606 | 0 | @a美学 |
| 690 | @aH059@v4 | |
| 701 | 0 | @a毛荣贵@9mao rong gui@4著 |
| 801 | 0 | @aCN@bRENTIAN@c20061112 |
| 905 | @a10447@dH059@e112 | |
| 翻译美学/毛荣贵著.-上海:上海交通大学出版社,2005 |
| 484页;23cm |
| ISBN 7-313-04253-1:CNY48.00 |
| 本书从美学角度深入探讨了翻译实践与方法。全书理论性强,例句丰富,具有较强的翻译实践指导意义,对国内翻译领域具有参考借鉴价值。 |
| ● |
| 相关链接 |
|
|
|
|
正题名:翻译美学
索取号:H059/112
 
预约/预借
| 序号 | 登录号 | 条形码 | 馆藏地/架位号 | 状态 | 备注 |
| 1 | 0383990 | 203839908 | 第二样本阅览室/ [索取号:H059/112] | 在馆 | |
| 2 | 0383991 | 203839917 | 第四借阅区/ [索取号:H059/112] | 在馆 | |
| 3 | 0383992 | 203839926 | 第四借阅区/ [索取号:H059/112] | 在馆 |